| 000 | 01850cad a22002175a 4500 | ||
|---|---|---|---|
| 001 | L149660 | ||
| 008 | 100406e20100401xxk 000 0 eng d | ||
| 035 | _a(Sirsi) u149660 | ||
| 041 | 0 | _aeng | |
| 110 | 2 |
_aNational Housing Planning Advice Unit _95835 |
|
| 245 | 0 | 0 |
_aNHPAU welcomes expanded remit _h[electronic resource] |
| 260 | _c2010 | ||
| 490 |
_aNational Housing Planning Advice Unit News Release _v1 April 2010 |
||
| 520 | _aNational Housing and Planning Advice Unit (NHPAU) in additional to its existing role, has taken on responsibility for working with local authorities and other organisations to promote a better understanding of how housing markets operate at the local and sub-regional level. Its extended role includes publishing advice on the additional housing that is needed to maintain or improve its affordability, advising on how housing requirements should be assessed at the sub-regional and local levels,advising on the consequences of different levels of provision and participating in the plan-making process at a strategic level as an independent expert body whose role is to help decision-takers understand the implications of the different options available to them and thus allow them to make better informed decisions. Conducting or commissioning research to fill gaps in the evidence base or build understanding of the market and key blockages where to do so would help the planning and delivery system for housing to operate more effectively and efficiently. | ||
| 590 | _aKA NTK | ||
| 651 | 4 |
_aEngland _y886- |
|
| 690 | _aPROPERTY-RESIDENTIAL PROPERTY-RESIDENTIAL PROPERTY MARKET | ||
| 690 | _aENVIRONMENT AND LAND CONSULTANCY-PLANNING AND DEVELOPMENT | ||
| 856 | 4 | 8 |
_uhttps://www.communities.gov.uk/documents/507390/nhpau/pdf/1530949.pdf _z View this item free of charge at www.communities.gov.uk |
| 942 | _n0 | ||
| 999 |
_c82242 _d82242 |
||